000 01389nam a2200385 i 4500
001 991001329549705066
005 20260503183307.0
008 970513s1992 pl a |001 0 pol
009 b0000001038589
015 _aUWD 1992/4473
020 _a8385047018
035 _a991001329549705066
035 _a(PL-WaBN)b10385897-48omnis_nlop
035 _ab10385897
035 _a(OCoLC)830057718
035 _azz2004950593
035 _a(PL)b0000001038589
035 _a(EXLNZ-48OMNIS_NETWORK)9910334288705606
040 _aWA N
_cWA N
080 _a940.531.8
100 1 _aPiper, Franciszek
_d(1941- )
245 1 0 _aIlu ludzi zginęło w KL Auschwitz :
_bliczba ofiar w świetle źródeł i badań 1945-1990 /
_cFranciszek Piper.
260 _aOświęcim :
_bWydaw. Państ. Muzeum,
_c1992
_e(Ciesz. :
_fCDW).
300 _a221, [2] s., [1] k. tabl. :
_bfaks., fot., portr. ;
_c21 cm.
336 _aTekst
_btxt
_2rdacontent
337 _aBez urządzenia pośredniczącego
_bn
_2rdamedia
338 _aWolumin
_bnc
_2rdacarrier
380 _aKsiążki
504 _aBibliogr. s. 125-131. - Indeksy.
610 2 7 _aAuschwitz-Birkenau (niemiecki obóz koncentracyjny)
_2DBN
610 2 0 _aAuschwitz (Concentration camp)
650 0 _aWorld War, 1939-1945
_xAtrocities
_zPoland
_zOświęcim.
710 2 _aWydawnictwo Państwowego Muzeum Auschwitz-Birkenau
_4pbl
942 _2z
_cBK
_n0
999 _c34
_d34